Statistics for Golf Knowledge (Tough)

Click here to take the quiz!

General Stats

  • This quiz has been taken 1,939 times
  • The average score is 7 of 20

Answer Stats

HintAnswer% Correct
What American State is Augusta National Golf Club in?Georgia
95%
Who is known as 'The Great White Shark'?Greg Norman
68%
Where is the home of golf?St Andrews
66%
Whats Tiger Woods' real name?Eldrick Tont Woods
53%
Which University did Tiger Woods attend?Stanford University
48%
Which golf ball is considered the best in golf?Titliest Pro V1
48%
What course has the famous par 3 16th 'Stadium Hole'?TPC Scottsdale
41%
Golf Boys Member #2 (BW)Bubba Watson
39%
Which caddy of this era has won 14 majors?Steve Williams
33%
Golf Boys Member #3 (RF)Rickie Fowler
31%
Who coaches Phil Mickelson, Dustin Johnson and Adam Scott?Butch Harmon
30%
Golf Boys Member #1 (HM)Hunter Mahan
30%
What colour jacket do you win if you win the Australian Masters?Gold
29%
Who won both the European and US moneylists in 2011?Luke Donald
22%
Golf Boys Member #4 (BC)Ben Crane
21%
Who is nicknamed 'The Waggle'?Jason Dufner
20%
Who won the FedEx Cup in 2010?Jim Furyk
14%
Where was the 1991 Ryder Cup held known as the 'War on the Shore'?Kiawah Island
14%
Where was the 2006 Ryder Cup held?The K Club
9%
Who was leading but then double bogeyd the 72nd hole in the 2006 US Open to concequently lose the trophy to Geoff Ogilvy?Colin Montgomerie
6%

Score Distribution

Percentile by Number Answered

Percent of People with Each Score

Your Score History

You have not taken this quiz